Frederick / (Record no. 351)

MARC details
000 -LEADER
fixed length control field 00974nam a22002897a 4500
001 - CONTROL NUMBER
control field 351
003 - CONTROL NUMBER IDENTIFIER
control field FISKH
005 - DATE AND TIME OF LATEST TRANSACTION
control field 20230328143841.0
008 - FIXED-LENGTH DATA ELEMENTS--GENERAL INFORMATION
fixed length control field 230328b cb ||||| |||| 00| 0 eng d
020 ## - INTERNATIONAL STANDARD BOOK NUMBER
International Standard Book Number 9780590979399
040 ## - CATALOGING SOURCE
Original cataloging agency DLC
Language of cataloging eng
Transcribing agency DLC
Description conventions rda
Modifying agency FISKH
050 00 - LIBRARY OF CONGRESS CALL NUMBER
Classification number PZ7.L6634
Item number Fo 2017
082 00 - DEWEY DECIMAL CLASSIFICATION NUMBER
Classification number 823.9
Edition number 23
100 1# - MAIN ENTRY--PERSONAL NAME
Personal name Lionni, Leo,
Dates associated with a name 1910-1999,
Relator term author,
-- illustrator.
245 10 - TITLE STATEMENT
Title Frederick /
Statement of responsibility, etc. Leo Lionni.
250 ## - EDITION STATEMENT
Edition statement A trumpet club special edition
264 #1 - PRODUCTION, PUBLICATION, DISTRIBUTION, MANUFACTURE, AND COPYRIGHT NOTICE
Place of production, publication, distribution, manufacture New York :
Name of producer, publisher, distributor, manufacturer Scholastic
Date of production, publication, distribution, manufacture, or copyright notice 1967
300 ## - PHYSICAL DESCRIPTION
Extent 14 leaves of plates.
Other physical details chiefly color illustrations ;
Dimensions 23 cm.
505 ## - FORMATTED CONTENTS NOTE
Formatted contents note K
520 ## - SUMMARY, ETC.
Summary, etc. While the other field mice gather food, Frederick, the poet mouse, stores up something special for the long cold winter.
521 8# - TARGET AUDIENCE NOTE
Target audience note 590 <br/>
Source Lexile
521 8# - TARGET AUDIENCE NOTE
Target audience note K <br/>
Source Raz-Plus
650 #1 - SUBJECT ADDED ENTRY--TOPICAL TERM
Topical term or geographic name entry element Mice
Form subdivision Fiction.
906 ## - LOCAL DATA ELEMENT F, LDF (RLIN)
a 7
b cbc
c origcop
d 2
e ncip
f 20
g y-gencatlg
942 ## - ADDED ENTRY ELEMENTS (KOHA)
Source of classification or shelving scheme Dewey Decimal Classification
Koha item type Books
Suppress in OPAC No
Holdings
Withdrawn status Lost status Source of classification or shelving scheme Damaged status Not for loan Home library Current library Shelving location Date acquired Total Checkouts Full call number Barcode Date last seen Date last checked out Copy number Price effective from Koha item type Collection
    Library of Congress Classification     Footprints International School Library Network Toul Kork Campus Footprints International School Library Network Toul Kork Campus TK Primary Library Room(4th Floor), Bookcase 3&4, Shelves 17-32, Yellow Books 03/28/2023 2 LIO 823.9 PZ10.L6465 FISTK02077 09/06/2024 08/12/2024 1 03/28/2023 Books  
    Library of Congress Classification     Footprints International School Library Network Toul Tom Poung Campus Footprints International School Library Network Toul Tom Poung Campus TTP Primary Yellow Bookshelves 09/09/2025   LIO 823.9 PZ10.L6465 FIS01816 09/09/2025   2 09/09/2025 Books Juvenile Fiction
    Library of Congress Classification     Footprints International School Library Network Toul Tom Poung Campus Footprints International School Library Network Toul Tom Poung Campus TTP Primary Yellow Bookshelves 03/31/2026   LIO 823.9 PZ10.L6465 FISBK02431 03/31/2026   3 03/31/2026 Books Juvenile Fiction